Statistics for Animal Alphabet Picture 3

Click here to take the quiz!

General Stats

  • This quiz has been taken 20 times
  • The average score is 18 of 26

Answer Stats

Answer% Correct
Alligator
100%
Bat
100%
Dragon
100%
Eagle
100%
Fox
100%
Goose
100%
Horse
100%
Lion
100%
Ostrich
100%
Seagull
94%
Tuna
89%
Macaw
83%
Rhinoceros
83%
Chinchilla
72%
Wallaby
72%
Ibis
56%
Kangaroo Rat
44%
Pika
39%
Vervet
39%
Jabiru
33%
Nutria
33%
Quetzalcoatlus
33%
Uakari
33%
Xenops
33%
Zeren
33%
Yellow-Backed Duiker
28%

Score Distribution

Percentile by Number Answered

Percent of People with Each Score

Your Score History

You have not taken this quiz